| 000 | 01464nam a2200289Ia 4500 | ||
|---|---|---|---|
| 999 |
_c53852 _d53852 |
||
| 001 | 20903 | ||
| 003 | GE_BSU | ||
| 005 | 20210615161935.0 | ||
| 008 | 181216s2016||||ge |||||||||||||| ||geo|| | ||
| 020 | _a9789941942778 | ||
| 040 | _cGE_BSU | ||
| 041 | _ageo | ||
| 080 | _a347.426.3+340.5 ზ-76 | ||
| 100 |
_aზოიძე, თამარ _912058 |
||
| 245 |
_aწუნდებული პროდუქტით მიყენებული ზიანის ანაზღაურება : _bქართული და გერმანული სამართლის შედარებითი ანალიზი / _cთამარ ზოიძე ; რედაქტორი ლადო ჭანტურია. |
||
| 264 |
_aთბილისი : _bბონა კაუზა, _c2016. |
||
| 300 |
_a224 გვ. ; _c20 სმ. |
||
| 490 | _aიურისტის ბიბლიოთეკა | ||
| 504 | _aბიბლიოგრაფია გვ. : 214-223 | ||
| 541 | _h12ლ. | ||
| 653 | _aსამართალი | ||
| 653 | _aწარმოებული პროდუქტის ხარისხი | ||
| 653 | _aმატერიალური ზიანის ანაზღაურება | ||
| 653 | _aშედარებითი სამართალი | ||
| 700 |
_aჭანტურია, ლადო _eრედაქტორი _912059 |
||
| 942 |
_cBK _2udc |
||